| 000 | 01872nab a2200253 i 4500 | ||
|---|---|---|---|
| 003 | BR-BrBNA | ||
| 005 | 20250512152925.0 | ||
| 008 | 250512b2017 bl.qr|pooa||| 00| 0 por | | ||
| 040 |
_aBR-BrBNA _bpor |
||
| 072 | _aF70 | ||
| 100 | _aSoares Neto, Raimundo Luciano | ||
| 245 | _aFlora das cangas da Serra dos Carajás, Pará, Brasil: Cleomaceae | ||
| 500 | _aPublicação on-line; 4 ref.; 2 illus.; Summaries (En, Pt) | ||
| 520 | _a Resumo Neste estudo são retratadas as espécies de Cleomaceae que foram registradas para as cangas da Serra dos Carajás, no estado do Pará. São apresentadas descrições morfológicas, ilustração, imagens e comentários sobre as espécies. Foram registradas duas espécies para a área de estudo: Melidiscus giganteus e Tarenaya spinosa, ambas com ampla distribuição na região Neotropical. Palavras-chave: Amazônia, diversidade, FLONA Carajás, flora, norte do Brasil. Abstract The species of Cleomaceae that occur in the cangas of Serra dos Carajás, Pará state, Brazil, are described in this study. Morphological descriptions, illustrations, images and notes about the species are given here. Melidiscus giganteus and Tarenaya spinosa, both species with broad geographic distribution in the Neotropical region, were recorded in the area studied. Key words: Amazônia, diversity, FLONA Carajás, flora, north of Brazil. | ||
| 650 | _aAMAZÔNIA | ||
| 650 | _aBIODIVERSIDADE | ||
| 650 | _aCARAJÁS | ||
| 650 | _aFLORA | ||
| 650 | _aNORTE | ||
| 773 | 0 |
_0709 _9350025 _dRio de Janeiro-RJ Jardim Botanico do Rio de Janeiro 1935 _o2025-2634 _tRodriguésia (Brazil) _x0370-6583; 2175-7860 on-line _gv. 68(3 special number) p. 931-933; (2017) _wBR2025000924 |
|
| 856 | _uhttps://www.scielo.br/j/rod/a/WCH6LMqmwLcxtR5jzQVsvFF/?format=pdf&lang=pt | ||
| 942 | _cANA | ||
| 999 |
_c331437 _d331437 |
||